000 00169nam a22000857a 4500
003 SGT
245 _aPHYSIOTHERAPY CANADA
260 _bPHYSIOTHERAPY CANADA
942 _2ddc
_cBV
999 _c19475
_d19475